Vibrations of shells and plates (Record no. 1571)

000 -LEADER
fixed length control field 00663nam a2200217 a 4500
001 - CONTROL NUMBER
control field 1571
003 - CONTROL NUMBER IDENTIFIER
control field BD-DhUET
008 - FIXED-LENGTH DATA ELEMENTS--GENERAL INFORMATION
fixed length control field 040716s2004 nyua b 001 0 eng
020 ## - INTERNATIONAL STANDARD BOOK NUMBER
International Standard Book Number 0824756290
040 ## - CATALOGING SOURCE
Original cataloging agency DLC
Transcribing agency DLC
Modifying agency BD-DhUET
082 00 - DEWEY DECIMAL CLASSIFICATION NUMBER
Classification number 624.177
Item number SOE/2004
100 1# - MAIN ENTRY--PERSONAL NAME
Personal name Soedel, Werner,
245 10 - TITLE STATEMENT
Title Vibrations of shells and plates
Statement of responsibility, etc. by Werner Soedel.
250 ## - EDITION STATEMENT
Edition statement 3rd ed., rev. and expanded.
260 ## - PUBLICATION, DISTRIBUTION, ETC. (IMPRINT)
Place of publication, distribution, etc. New York:
Name of publisher, distributor, etc. Marcel Dekker,
Date of publication, distribution, etc. 2004.
300 ## - PHYSICAL DESCRIPTION
Extent xxiv, 553 p. :
Other physical details ill. ;
Dimensions 24 cm.
504 ## - BIBLIOGRAPHY, ETC. NOTE
Bibliography, etc Includes bibliographies
650 #0 - SUBJECT ADDED ENTRY--TOPICAL TERM
Topical term or geographic name as entry element Shells & plates-Vibration
942 ## - ADDED ENTRY ELEMENTS (KOHA)
Koha item type General Book
856 42 - ELECTRONIC LOCATION AND ACCESS
Uniform Resource Identifier http://www.loc.gov/catdir/enhancements/fy0647/2004056011-d.html
Holdings
Sublocation or collection (holding branch) Not for loan Koha full call number Shelving location Location (home branch) Damaged status Price effective from Date acquired Piece designation (barcode) Koha normalized classification for sorting Copy number Koha date last seen Lost status Withdrawn status Koha item type Source of classification or shelving scheme
Central Library, BUET 624.177/SOE/2004Circulation sectionCentral Library, BUET 2014-09-092014-09-09103475624_000000000000000_177SOE200412014-09-09  General Book 
Central Library, BUET 624.177/SOE/2004Circulation sectionCentral Library, BUET 2014-09-092014-09-09103476624_000000000000000_177SOE200422014-09-09  General Book